מדינות שמנצחות את ישראל | Countries that Beat Israel in Hebrew - Statistics

General Stats
  • This quiz has been taken 21 times
  • The average score is 9 of 18
Answer Stats
קטגוריה דירוג מדינות % Correct
הכי הרבה יהודים * אנשים שלפחות אחד מהוריהם יהודי 2 ארצות הברית
94%
המדינה הקטנה ביותר שגובלת בים התיכון 7 מונאקו | מלטה | קפריסין | לבנון | מונטנגרו | סלובניה
94%
הכי הרבה דוברי רוסית שפת-אם * מלבד רוסיה עצמה 5 אוקראינה | בלארוס | קזחסטן | גרמניה
81%
הדגל שלה מכיל הכי הרבה לבן 6 אפגניסטן | קפריסין | יפן | דרום קוריאה | גאורגיה
75%
הכי הרבה זכיות באירוויזיון 7 אירלנד | שוודיה | צרפת | לוקסמבורג | הולנד | הממלכה המאוחדת
75%
המערבית ביותר באסיה 3 טורקיה | קפריסין
56%
הכי מאוכלסת שמתחילה באות י' בעולם 3 יפן | ירדן
56%
הדמוקרטית ביותר באסיה 4 טייוואן | יפן | דרום קוריאה
56%
צורכת הכי הרבה בשר 7 איסלנד | ליטא | דנמרק | ארצות הברית | פינלנד | פורטוגל
56%
תוחלת החיים הגבוהה ביותר 8 מונאקו | יפן | סינגפור | סן מרינו | קנדה | איסלנד | אנדורה
56%
הכי הרבה חיילים לנפש 6 צפון קוריאה | דרום קוריאה | קובה | ארמניה | טייוואן
50%
הכי מעט פצצות גרעיניות * בין הארצות שיש להן פצצות גרעין 2 צפון קוריאה
44%
בעלת הצורה "אנכית" ביותר * ע"פ יחס של גובה לרוחב במפה 8 צ'ילה | טוגו | פורטוגל | בליז | שוודיה | אלבניה | מלאווי
44%
מדד הפיתוח האנושי הגבוה ביותר באסיה 2 סינגפור
31%
קיבלה הכי הרבה סיוע אמריקאי 3 אפגניסטן | עירק
19%
הראשונה שהייתה לה ראש ממשלה אישה 3 סרי לנקה | הודו
6%
מפיקה הכי הרבה מים מותפלים 6 ערב הסעודית | איחוד האמירויות | קזחסטן | אלג'יריה | קטאר
6%
האחוז הגבוה ביותר של אנשים שחיים בריכוזים אורבניים * בין מדינות ששטחן גדול מ-10,000 ק"מ 6 כווית | קטאר | בלגיה | אורוגוואי | איסלנד
0%
No matching quizzes found
Score Distribution
Percent of People with Each Score
Percentile by Number Answered
Your Score History
You have not taken this quiz